| 000 | 00495nam a2200157Ia 4500 | ||
|---|---|---|---|
| 008 | 240729s9999 xx 000 0 und d | ||
| 022 | _a2284-7820 | ||
| 245 | 0 | _aPresent Environment and Sustainable Development | |
| 260 | _aRomania | ||
| 260 | _bAlexandru Ioan Cuza University Press, Iasi, Romania | ||
| 650 | _a Environmental sciences | ||
| 650 | _aGeography. Anthropology. Recreation | ||
| 856 | _uhttps://doaj.org/toc/b9575c731c0f4f3abd83ad2b3d2c3d89 | ||
| 942 | _2ddc | ||
| 942 | _cDOAJEJ | ||
| 999 |
_c73309 _d73309 |
||
| 945 |
_a1 _bMadushi Gamage _c1 _dMadushi Gamage |
||